000 00736nam a2200241 i 4500
001 bg
100 1 _aWALICKI, Edward
245 1 0 _aMechanika II,Materiały pomocnicze do ćwiczeń laboratoryjnych /
_cEdward Walicki, Tomasz Smak, Jarosław Falicki.
260 _aZielona Góra :
_bOficyna Wydawnicza Uniwersytetu Zielonogórskiego,
_c2005.
300 _a62 s. :
_brys., wykr. ;
_c24 cm.
504 _aBibliogr.
650 9 _aMechanika
655 _aPodręczniki akademickie
700 1 _aSMAK, Tomasz
700 1 _aFALICKI, Jarosław
020 _a838971244X
040 _cBPK
041 0 _apol
080 _a531/534:621.01](075.8)
920 _a83-89712-44-X
942 _cKS
008 s pl f |000 0 pol
999 _c46447
_d46447
856 _uhttp://koha.tu.koszalin.pl/cgi-bin/koha/opac-detail.pl?biblionumber=46447
_yKatalog online BPK